Nové datacentrá vábia klientov. A nielen veľké firmy

Dátové centrá spoločnosti Apple v Európe. Fungovanie dátových centier aj na Slovensku. Ponuka doplnkových služieb. Klienti dátových centier. Orientačný prehľad komerčných dátových centier v SR.

Guardado en:
Detalles Bibliográficos
Autor principal: Andacký, Jozef
Formato: Capítulo de libro
Lenguaje:eslovaco
Materias:
Etiquetas: Agregar Etiqueta
Sin Etiquetas, Sea el primero en etiquetar este registro!

MARC

LEADER 00000naa a2200000 4500
001 0200108
005 20231113103045.9
041 0 |a slo 
044 |a SK 
245 1 0 |a Nové datacentrá vábia klientov. A nielen veľké firmy  |c Jozef Andacký 
520 |a Dátové centrá spoločnosti Apple v Európe. Fungovanie dátových centier aj na Slovensku. Ponuka doplnkových služieb. Klienti dátových centier. Orientačný prehľad komerčných dátových centier v SR. 
610 2 0 |a centrá dátové 
610 2 0 |a technológie informačné 
610 2 0 |a technológie komunikačné 
610 2 0 |a efektívnosť 
610 2 0 |a bezpečnosť 
610 2 0 |a firmy 
610 2 0 |a služby 
100 1 |a Andacký, Jozef